Statistiques concernant Les journaux quotidiens nationaux en France

Cliquez ici pour prendre le quiz!

Statistiques générales

  • Ce quiz a été pris 50 fois
  • Le résultat moyen est 5 sur 15

Statistiques - réponses

Année de
création
Indice
Journal
(avec article si besoin)
% Correct
1946SportifL'Equipe
91%
1826BeaumarchaisLe Figaro
64%
1944UniversLe Monde
56%
1904JaurèsL'Humanité
51%
2002Gratuit20 minutes
49%
1973SartreLibération
49%
1883AssomptionnistesLa Croix
40%
1908EconomiqueLes Echos
36%
19986-10 ansLe Petit Quotidien
22%
1994Parisien provincialAujourd'hui en France
20%
199510-14 ansMon quotidien
20%
1946A cheval !Paris Turf
13%
1994A cheval ! BisParis Courses
4%
2013ExpressionL'Opinion
2%
1982ConfessionnelPrésent
0%

Distribution des résultats

Percentile par nombre de réponses

% des personnes avec chaque résultat

Votre développement - résultats

Vous n’avez pas pris ce quiz